[Event "Mexico op"]
[Site "Puebla"]
[Date "2013.03.27"]
[Round "2"]
[White "Ramirez Martinez, Hector"]
[Black "Ramirez Alvarez, Alejandro"]
[Result "0-1"]
[WhiteElo "2166"]
[BlackElo "2535"]
[PlyCount "79"]
[EventDate "2013.03.26"]
[EventType "swiss"]
[EventRounds "9"]
[EventCountry "MEX"]
[SourceTitle "CBM 153 Extra"]
[Source "ChessBase"]
[SourceDate "2013.04.22"]
[SourceVersion "1"]
[SourceVersionDate "2013.04.22"]
[SourceQuality "1"]

1. Nf3 d5 2. e3 c5 3. d4 Nf6 4. c3 Nbd7 5. Be2 g6 6. 0-0 Bg7 7. Nbd2 0-0 8. Re1 Qc7 9. Bd3 Rd8 10. Qe2 Re8 11. Qf1 b6 12. e4 cxd4 13. cxd4 dxe4 14. Nxe4 Bb7 15. Bd2 Nxe4 16. Bxe4 Bxe4 17. Rxe4 Rac8 18. Qb5 Nf6 19. Ree1 Qc4 20. Qxc4 Rxc4 21. Rac1 Ra4 22. a3 Nd5 23. Be3 e6 24. Rc2 b5 25. Rec1 Bf8 26. Bd2 Kg7 27. Kf1 Rb8 28. Rc8 Rxc8 29. Rxc8 b4 30. axb4 Bxb4 31. Rc4 a5 32. g3 Ra2 33. Bc1 f6 34. Ne1 Bxe1 35. Kxe1 g5 36. Kd2 Ra1 37. g4 Kg6 38. Kc2 Nb4+ 39. Kd2 Na2 40. Rc2 0-1

[Event "Carlos Torre Memorial op 19th"]
[Site "Merida"]
[Date "2006.12.15"]
[Round "2"]
[White "Fernandez, Daniel"]
[Black "Ramirez Martinez, Hector"]
[Result "1-0"]
[WhiteElo "2451"]
[BlackElo "2204"]
[PlyCount "67"]
[EventDate "2006.12.14"]
[EventType "swiss"]
[EventRounds "9"]
[EventCountry "MEX"]
[SourceTitle "CBM 115 Extra"]
[Source "ChessBase"]
[SourceDate "2007.01.10"]
[SourceVersion "1"]
[SourceVersionDate "2007.01.10"]
[SourceQuality "1"]

1. e4 c5 2. Nf3 d6 3. Bb5+ Bd7 4. Bxd7+ Qxd7 5. 0-0 Nc6 6. c3 g6 7. d4 cxd4 8. cxd4 Bg7 9. Nc3 e6 10. d5 Nd8 11. dxe6 fxe6 12. Qd3 a6 13. Bf4 Nf7 14. Rfd1 Rd8 15. Qe2 Ne7 16. e5 d5 17. Ne4 0-0 18. Nc5 Qc8 19. Rac1 Nc6 20. b4 Rde8 21. b5 axb5 22. Qxb5 Nfxe5 23. Bxe5 Bxe5 24. Nxb7 Nd4 25. Rxc8 Bxh2+ 26. Kxh2 Nxb5 27. Rxe8 Rxe8 28. a4 Nc3 29. Ra1 e5 30. a5 Nb5 31. Rb1 Nc3 32. Rb3 d4 33. a6 Ne4 34. a7 1-0

[Event "Carlos Torre Memorial op 19th"]
[Site "Merida"]
[Date "2006.12.14"]
[Round "1"]
[White "Ramirez Martinez, Hector"]
[Black "Gonzalez Zamora, Juan Carlos"]
[Result "1-0"]
[WhiteElo "2204"]
[BlackElo "2517"]
[PlyCount "53"]
[EventDate "2006.12.14"]
[EventType "swiss"]
[EventRounds "9"]
[EventCountry "MEX"]
[SourceTitle "CBM 115 Extra"]
[Source "ChessBase"]
[SourceDate "2007.01.10"]
[SourceVersion "1"]
[SourceVersionDate "2007.01.10"]
[SourceQuality "1"]

1. e4 d5 2. exd5 Qxd5 3. Nc3 Qa5 4. d4 Nf6 5. Bd2 c6 6. Bc4 Bf5 7. Nf3 e6 8. 0-0 Bb4 9. a3 Bxc3 10. Bxc3 Qc7 11. Bd3 Bxd3 12. Qxd3 Nbd7 13. Rfe1 0-0 14. b4 Rfe8 15. Bb2 Rad8 16. Qb3 b6 17. c4 c5 18. Rad1 cxd4 19. Nxd4 a6 20. Rc1 Rc8 21. Nf3 Red8 22. Qe3 Ng4 23. Qg5 Ndf6 24. h3 h6 25. Qh4 g5 26. Qg3 Qxg3 27. fxg3 1-0

[Event "MEX-ch 47th"]
[Site "Irapuato"]
[Date "2001.??.??"]
[Round "1"]
[White "Ramirez Martinez, Hector"]
[Black "Aldama Degurnay, Dionisio"]
[Result "0-1"]
[WhiteElo "2216"]
[BlackElo "2141"]
[PlyCount "100"]
[EventDate "2001.04.11"]
[EventType "swiss"]
[EventRounds "7"]
[EventCountry "MEX"]
[SourceTitle "EXT 2002"]
[Source "ChessBase"]
[SourceDate "2001.11.25"]
[SourceVersion "1"]
[SourceVersionDate "2001.11.25"]
[SourceQuality "1"]

1. d4 Nf6 2. Nf3 g6 3. Bg5 Bg7 4. Nbd2 d5 5. e3 0-0 6. Bd3 c5 7. c3 b6 8. Qe2 Bb7 9. 0-0 Ne4 10. Bf4 Nd7 11. Rfd1 h6 12. h3 e6 13. Bb5 a6 14. Ba4 b5 15. Bc2 Qb6 16. Ne1 Nxd2 17. Rxd2 e5 18. dxc5 Nxc5 19. Bh2 Rfe8 20. Qd1 Rad8 21. Nf3 a5 22. a3 Ne4 23. Re2 Nd6 24. Nd2 Qc6 25. f3 d4 26. exd4 exd4 27. Rxe8+ Rxe8 28. Ne4 Nxe4 29. Bxe4 Qb6 30. Kh1 Bxe4 31. fxe4 Rxe4 32. Bg1 Qe6 33. cxd4 Re2 34. d5 Qe4 35. Qf1 Rd2 36. Rd1 Rxd5 37. Re1 Rf5 38. Rxe4 Rxf1 39. b3 Rb1 40. b4 axb4 41. Rxb4 Rxb4 42. axb4 Bf8 43. Be3 h5 44. Bd2 f5 45. g3 Kf7 46. Kg2 Ke6 47. Kf3 Kd5 48. g4 Bd6 49. gxf5 gxf5 50. Be3 Kc4 0-1

[Event "American op"]
[Site "Los Angeles"]
[Date "1996.??.??"]
[Round "3"]
[White "Ramirez Martinez, Hector"]
[Black "Cunningham, Robin J"]
[Result "1/2-1/2"]
[WhiteElo "2195"]
[BlackElo "2330"]
[PlyCount "53"]
[EventDate "1996.11.28"]
[EventType "swiss"]
[EventRounds "9"]
[EventCountry "USA"]
[SourceTitle "EXT 2001"]
[Source "ChessBase"]
[SourceDate "2000.11.22"]
[SourceVersion "1"]
[SourceVersionDate "2000.11.22"]
[SourceQuality "1"]

1. e4 Nf6 2. e5 Nd5 3. Bc4 Nb6 4. Bb3 c5 5. Qe2 Nc6 6. Nf3 d5 7. exd6 Qxd6 8. 0-0 Bf5 9. Na3 e6 10. Nb5 Qd7 11. d3 a6 12. Nc3 Be7 13. Bf4 0-0 14. Ne5 Nxe5 15. Bxe5 Qc6 16. Nd1 Nd7 17. Bg3 Bf6 18. c3 Bg6 19. f4 Rac8 20. Ne3 b5 21. Rad1 Rfd8 22. Kh1 b4 23. d4 cxd4 24. cxd4 Be4 25. f5 Nf8 26. fxe6 fxe6 27. Be5 1/2-1/2

[Event "American op"]
[Site "Los Angeles"]
[Date "1996.??.??"]
[Round "6"]
[White "Shaked, Tal"]
[Black "Ramirez Martinez, Hector"]
[Result "1-0"]
[WhiteElo "2440"]
[BlackElo "2195"]
[PlyCount "71"]
[EventDate "1996.11.28"]
[EventType "swiss"]
[EventRounds "9"]
[EventCountry "USA"]
[SourceTitle "EXT 2001"]
[Source "ChessBase"]
[SourceDate "2000.11.22"]
[SourceVersion "1"]
[SourceVersionDate "2000.11.22"]
[SourceQuality "1"]

1. e4 c5 2. Nf3 Nc6 3. c3 e6 4. d4 d5 5. exd5 Qxd5 6. Be3 cxd4 7. cxd4 Nf6 8. Nc3 Bb4 9. Bd3 Qh5 10. 0-0 0-0 11. Be2 Qf5 12. a3 Bxc3 13. bxc3 b6 14. Bg5 Ne7 15. Bd3 Qa5 16. Ne5 Bb7 17. Bxf6 gxf6 18. Qg4+ Ng6 19. Nd7 f5 20. Qg5 Rfd8 21. Nf6+ Kg7 22. Nh5+ Kf8 23. Rac1 Qxa3 24. Rfe1 Rd5 25. Nf6 Ra5 26. Qh6+ Ke7 27. Nxh7 Kd7 28. Qg7 Qe7 29. c4 Bxg2 30. d5 Be4 31. Bxe4 fxe4 32. Rxe4 e5 33. Rg4 Rc8 34. Nf6+ Kd8 35. d6 Qxd6 36. Qxf7 1-0

[Event "American op"]
[Site "Los Angeles"]
[Date "1996.??.??"]
[Round "2"]
[White "Vigorito, David"]
[Black "Ramirez Martinez, Hector"]
[Result "1/2-1/2"]
[WhiteElo "2320"]
[BlackElo "2195"]
[PlyCount "95"]
[EventDate "1996.11.28"]
[EventType "swiss"]
[EventRounds "9"]
[EventCountry "USA"]
[SourceTitle "EXT 2001"]
[Source "ChessBase"]
[SourceDate "2000.11.22"]
[SourceVersion "1"]
[SourceVersionDate "2000.11.22"]
[SourceQuality "1"]

1. d4 Nf6 2. c4 g6 3. Nc3 d5 4. Nf3 Bg7 5. Bg5 Ne4 6. cxd5 Nxc3 7. bxc3 Qxd5 8. e3 Bg4 9. Be2 Nc6 10. Qb3 Qxb3 11. axb3 e5 12. d5 Ne7 13. e4 Bd7 14. Nd2 h6 15. Be3 0-0 16. c4 f5 17. f3 g5 18. b4 a6 19. Nb3 Rae8 20. Kd2 Ng6 21. g3 Rf7 22. Nc5 Bc8 23. b5 axb5 24. cxb5 Rd8 25. Ra8 Rff8 26. Bc4 Kh7 27. h4 gxh4 28. gxh4 fxe4 29. fxe4 c6 30. bxc6 bxc6 31. Ra7 Rfe8 32. h5 Ne7 33. Rg1 Kh8 34. Ke2 Bf6 35. Bxh6 cxd5 36. exd5 Nf5 37. Ne4 Be7 38. Be3 Nxe3 39. Kxe3 Bf5 40. h6 Bxe4 41. Kxe4 Bc5 42. Rag7 Bxg1 43. Rxg1 Rd6 44. Bb5 Re7 45. Rg7 Rxg7 46. hxg7+ Kxg7 47. Kxe5 Rb6 48. Bc6 1/2-1/2